Genshin Impact banners (V.6.6) - Statistics

General Stats
  • This quiz has been taken 1,013 times
    8 since last reset
  • The average score is 93 of 261
Answer Stats
Version Phase 5 star % Correct
1.0 1 Venti
100%
1.4 1 Venti
100%
2.6 1 Venti
100%
3.1 1 Venti
100%
4.1 2 Venti
100%
5.5 2 Venti
100%
Luna 3 1 Venti
100%
4.5 1 Diluc
80%
Luna 5 1 Diluc
80%
4.5 1 Jean
80%
Luna 5 1 Jean
80%
Xiangling
80%
1.3 1 Xiao
80%
2.4 1 Xiao
80%
2.7 1 Xiao
80%
3.4 1 Xiao
80%
4.4 2 Xiao
80%
5.3 2 Xiao
80%
1.1 2 Zhongli
80%
1.5 1 Zhongli
80%
2.4 2 Zhongli
80%
3.0 1 Zhongli
80%
4.0 2 Zhongli
80%
5.2 2 Zhongli
80%
Luna 2 2 Zhongli
80%
1.2 1 Albedo
60%
2.3 1 Albedo
60%
3.1 2 Albedo
60%
4.5 1 Albedo
60%
Luna 5 1 Albedo
60%
Beidou
60%
Bennett
60%
Luna 3 1 Durin
60%
Luna 7 1 Durin
60%
1.5 2 Eula
60%
2.3 1 Eula
60%
3.8 1 Eula
60%
4.5 1 Eula
60%
Luna 5 1 Eula
60%
Luna 1 2 Flins
60%
Luna 5 1 Flins
60%
4.2 1 Furina
60%
4.7 2 Furina
60%
5.4 2 Furina
60%
Luna 2 1 Furina
60%
1.2 2 Ganyu
60%
2.4 2 Ganyu
60%
3.0 2 Ganyu
60%
3.6 2 Ganyu
60%
5.3 2 Ganyu
60%
1.0 2 Klee
60%
1.6 1 Klee
60%
2.8 1 Klee
60%
3.8 1 Klee
60%
4.5 1 Klee
60%
Luna 5 1 Klee
60%
Luna 1 1 Lauma
60%
Luna 6 2 Lauma
60%
Luna 2 1 Nefer
60%
Luna 6 2 Nefer
60%
4.1 1 Neuvillette
60%
4.5 2 Neuvillette
60%
5.2 2 Neuvillette
60%
Luna 4 2 Neuvillette
60%
Luna 7 1 Nicole
60%
Noelle
60%
1.1 1 Tartaglia
60%
1.4 2 Tartaglia
60%
2.2 1 Tartaglia
60%
3.2 2 Tartaglia
60%
4.0 2 Tartaglia
60%
5.3 2 Tartaglia
60%
Luna 5 1 Varka
60%
Aino
40%
Barbara
40%
4.5 1 Chiori
40%
5.1 1 Chiori
40%
5.6 2 Chiori
40%
Luna 4 1 Columbina
40%
3.1 1 Cyno
40%
3.5 1 Cyno
40%
4.2 2 Cyno
40%
Luna 1 1 Cyno
40%
Diona
40%
Fischl
40%
1.3 3 Hu Tao
40%
2.2 2 Hu Tao
40%
3.4 2 Hu Tao
40%
4.1 1 Hu Tao
40%
5.1 2 Hu Tao
40%
2.0 1 Kamisato Ayaka
40%
2.6 2 Kamisato Ayaka
40%
3.5 2 Kamisato Ayaka
40%
4.3 1 Kamisato Ayaka
40%
5.6 2 Kamisato Ayaka
40%
1.3 2 Keqing
40%
5.3 2 Keqing
40%
Luna 7 2 Lohen
40%
5.3 1 Mavuika
40%
5.7 2 Mavuika
40%
Luna 7 2 Mavuika
40%
4.5 1 Mona
40%
Luna 5 1 Mona
40%
3.2 1 Nahida
40%
3.6 1 Nahida
40%
4.4 1 Nahida
40%
5.1 2 Nahida
40%
Luna 1 1 Nahida
40%
4.3 1 Navia
40%
4.8 1 Navia
40%
5.6 1 Navia
40%
Luna 6 2 Navia
40%
Ningguang
40%
Prune
40%
5.3 2 Qiqi
40%
2.1 1 Raiden Shogun
40%
2.5 2 Raiden Shogun
40%
3.3 2 Raiden Shogun
40%
4.3 2 Raiden Shogun
40%
5.0 2 Raiden Shogun
40%
5.6 2 Raiden Shogun
40%
Razor
40%
Rosaria
40%
Sucrose
40%
3.0 1 Tighnari
40%
Luna 1 1 Tighnari
40%
4.1 2 Wriothesley
40%
5.4 2 Wriothesley
40%
4.4 1 Xianyun
40%
5.5 1 Xianyun
40%
5.1 1 Xilonen
40%
5.5 2 Xilonen
40%
Luna 3 2 Xilonen
40%
Xingqiu
40%
2.5 1 Yae Miko
40%
3.2 2 Yae Miko
40%
3.7 1 Yae Miko
40%
4.4 2 Yae Miko
40%
5.6 2 Yae Miko
40%
2.7 1 Yelan
40%
3.4 2 Yelan
40%
4.0 1 Yelan
40%
4.8 2 Yelan
40%
Luna 1 2 Yelan
40%
3.4 1 Alhaitham
20%
3.7 2 Alhaitham
20%
4.7 1 Alhaitham
20%
Luna 1 1 Alhaitham
20%
2.3 2 Arataki Itto
20%
2.7 2 Arataki Itto
20%
3.3 1 Arataki Itto
20%
4.5 1 Arataki Itto
20%
5.6 2 Arataki Itto
20%
4.6 1 Arlecchino
20%
5.3 2 Arlecchino
20%
Luna 2 2 Arlecchino
20%
Charlotte
20%
5.2 1 Chasca
20%
5.8 2 Chasca
20%
Luna 6 1 Chasca
20%
Chongyun
20%
5.3 1 Citlali
20%
5.8 1 Citlali
20%
4.7 1 Clorinde
20%
5.3 2 Clorinde
20%
Luna 6 2 Clorinde
20%
Collei
20%
Dahlia
20%
Dori
20%
Gaming
20%
5.8 1 Ineffa
20%
Luna 4 1 Ineffa
20%
Jahoda
20%
1.6 2 Kaedehara Kazuha
20%
2.8 1 Kaedehara Kazuha
20%
3.7 2 Kaedehara Kazuha
20%
4.5 2 Kaedehara Kazuha
20%
5.0 1 Kaedehara Kazuha
20%
5.6 2 Kaedehara Kazuha
20%
2.6 1 Kamisato Ayato
20%
3.3 2 Kamisato Ayato
20%
4.2 2 Kamisato Ayato
20%
5.6 2 Kamisato Ayato
20%
Lynette
20%
4.0 1 Lyney
20%
4.6 1 Lyney
20%
5.2 1 Lyney
20%
Luna 6 2 Lyney
20%
Mika
20%
5.0 1 Mualani
20%
5.8 2 Mualani
20%
3.1 2 Nilou
20%
3.6 1 Nilou
20%
4.8 1 Nilou
20%
Luna 1 1 Nilou
20%
Sethos
20%
2.4 1 Shenhe
20%
3.5 2 Shenhe
20%
5.3 2 Shenhe
20%
5.7 1 Shenhe
20%
Thoma
20%
5.5 1 Varesa
20%
Luna 3 2 Varesa
20%
3.3 1 Wanderer
20%
3.8 2 Wanderer
20%
4.6 2 Wanderer
20%
Luna 1 1 Wanderer
20%
Yanfei
20%
2.0 2 Yoimiya
20%
2.8 2 Yoimiya
20%
3.2 1 Yoimiya
20%
3.7 1 Yoimiya
20%
4.3 2 Yoimiya
20%
5.6 2 Yoimiya
20%
5.4 1 Yumemizuki Mizuki
20%
Luna 4 2 Zibai
20%
3.6 2 Baizhu
0%
4.2 1 Baizhu
0%
4.6 2 Baizhu
0%
5.3 2 Baizhu
0%
Candace
0%
Chevreuse
0%
3.5 1 Dehya
0%
Luna 1 1 Dehya
0%
4.8 2 Emilie
0%
5.7 2 Emilie
0%
Luna 6 2 Emilie
0%
5.6 1 Escoffier
0%
Luna 5 2 Escoffier
0%
Faruzan
0%
Freminet
0%
Gorou
0%
Iansan
0%
Ifa
0%
Illuga
0%
Kachina
0%
Kaveh
0%
5.0 2 Kinich
0%
5.6 2 Kinich
0%
Kirara
0%
Kujou Sara
0%
Kuki Shinobu
0%
Lan Yan
0%
Layla
0%
Luna 6 1 Linnea
0%
Ororon
0%
2.1 2 Sangonomiya Kokomi
0%
2.5 2 Sangonomiya Kokomi
0%
3.0 2 Sangonomiya Kokomi
0%
3.8 2 Sangonomiya Kokomi
0%
5.6 2 Sangonomiya Kokomi
0%
Sayu
0%
Shikanoin Heizou
0%
4.7 2 Sigewinne
0%
5.4 1 Sigewinne
0%
Luna 6 2 Sigewinne
0%
5.7 1 Skirk
0%
Luna 5 2 Skirk
0%
Xinyan
0%
Yaoyao
0%
Yun Jin
0%
No matching quizzes found
Score Distribution
Percent of People with Each Score
Percentile by Number Answered
Your Score History
You have not taken this quiz since the last reset